000 00594cam a2200169 4500
001 WB3536-37
008 000000n1999 000 0 eng u
035 _a(Sirsi) u102730
245 _aFuture sales of British Rail property.
260 _c1999
490 _aDETR News Release
_v(902) 14 September 1999 (2)
520 _aGovernment has announced the resumption of British Rail property sales. New marketing procedures are to be adopted which will give priority to transport uses.
650 _aBRITISH RAIL
650 _aDISPOSALS
690 _aTRANSPORT AND COMMUNICATIONS
942 _n0
999 _c61716
_d61716